Sharjah Art Foundation Library

المقامات النظرية: (Record no. 6646)

MARC details
000 -LEADER
fixed length control field 02557nam a2200193Ia 4500
001 - CONTROL NUMBER
control field 6646
008 - FIXED-LENGTH DATA ELEMENTS--GENERAL INFORMATION
fixed length control field 260622s9999 xx 000 0 und d
245 #0 - TITLE STATEMENT
Title المقامات النظرية:
Remainder of title للأديب أبي بكر محسن باعبود الحضرمي (من علماء القرن الثاني عشر)/
Statement of responsibility, etc. تحقيق: عبدالله محمد الحبشي
260 ## - PUBLICATION, DISTRIBUTION, ETC.
Place of publication, distribution, etc. أبو ظبي؛
Name of publisher, distributor, etc. المجمع الثقافي؛
Date of publication, distribution, etc. 1999
300 ## - PHYSICAL DESCRIPTION
Extent 318p;
Dimensions 24x17cm
505 ## - FORMATTED CONTENTS NOTE
Formatted contents note هذا الكتاب ربما يتبادر إلى ذهن القارئ العربي أن فن (المقامات) بقي مرهوناً بيراع الهمذاني والحريري حسب؛ لكنما ذلك إغفال محض. فلقد جادت قرائح الأدباء من بعدهما - جرياً على سنة التقليد - لأحياء تراث أدبي ما فتئ يعد النواة الأولى لفن القصة العربية في أدب العصر الحديث. لقد أنبتت أرض حضرموت اليمن شتلة ( با عبود) الحضرمي في المقامة، ولم يجن ثمارها إلا في أرض (الهند) التي جعلها مسرحاً لروايته وبطله، فأتت أكلها في حينها ، وظلت تجود في كل حين.
520 ## - SUMMARY, ETC.
Summary, etc. Includes 50 short stories. The art of maqamat in Arabic literature is a unique prose genre, representing a short story revolving around a cunning hero and a narrator, characterized by its rhymed and ornate style. Here are the key points about this art: Origins and Pioneers: Badi' al-Zaman al-Hamadhani (4th century AH) is considered the first innovator of this art, followed by Abu Muhammad al-Qasim al-Hariri, who brought it to its artistic peak. The Arab reader might assume that the art of maqamat remained solely dependent on the pens of al-Hamadhani and al-Hariri; however, this is a complete oversight. The literary talents of those who followed them—in keeping with the tradition—produced a revival of a literary heritage that continues to be considered the first nucleus of the Arabic story in modern literature. The land of Hadhramaut in Yemen nurtured the seedling of Ba Aboud al-Hadrami in the maqama, and its fruits were reaped only in the land of India, which he made the stage for his narrative and his hero. It bore fruit in its time and has continued to yield fruit ever since
546 ## - LANGUAGE NOTE
Language note Arabic
648 ## - SUBJECT ADDED ENTRY--CHRONOLOGICAL TERM
Chronological term 20th century
650 ## - SUBJECT ADDED ENTRY--TOPICAL TERM
Topical term or geographic name entry element Fiction رواية
9 (RLIN) 9502
650 ## - SUBJECT ADDED ENTRY--TOPICAL TERM
Topical term or geographic name entry element PJ7501-8517 Arabic literature
651 ## - SUBJECT ADDED ENTRY--GEOGRAPHIC NAME
Geographic name Yemen
Geographic subdivision Hadhramout
9 (RLIN) 9503
942 ## - ADDED ENTRY ELEMENTS (KOHA)
Koha item type Book
Holdings
Withdrawn status Lost status Damaged status Not for loan Collection Home library Current library Date acquired Total Checkouts Full call number Barcode Date last seen Price effective from Koha item type
        Language and Literature SAF Reference Library SAF Reference Library 06/22/2026   PJ7501-8517 251.63 6646 06/22/2026 06/22/2026 Book

Copyright © 2022. Sharjah Art Foundation. All Rights Reserved.